Statistics for The Ultimate Japan Baseball Quiz

Click here to take the quiz!

General Stats

  • This quiz has been taken 22 times
  • The average score is 30 of 50

Answer Stats

HintAnswer% Correct
Japan's baseball league nameNippon Professional Baseball League
100%
Right fielder considered to be the best Japanese player of all time.Ichiro Suzuki
94%
Most Career Home Runs - 868Sadaharu Oh
94%
Pitcher/Hitter who started 10 games on the mound and hit 20 HR as a DH in 2018Shohei Ohtani
94%
Tokyo
89%
Hanshin Tigers
83%
Hiroshima Carp
83%
Biggest high school competition.Koshien
83%
Nippon Ham Fighters
83%
SoftBank Hawks
83%
Yomiyuri Giants
83%
How many non Japanese players are each team allowed.4
78%
Chunichi Dragons
78%
Who is the best pitcher award named after.Eiji Sawamura
78%
Lotte Marines
78%
Seibu Lions
78%
Yakult Swallows
78%
Yokohama Bay Stars
78%
Fukuoka
72%
Osaka
72%
National Team nicknameSamurai Japan
72%
Player who “retired” from baseball so he could join the Dodgers.Hideo Nomo
67%
Hiroshima
67%
Final of Japan BaseballJapan Series
67%
Nagoya
67%
Teams that was forced to merge in 2004.Orix Bluewave/Kintetsu Buffalos
67%
Rakuten Golden Eagles
67%
Sapporo
67%
Thing you must do to the field before and after you step off the field.Bow
50%
Most Career Hits - 3,085Isao Harimoto
50%
Most Career Wins - 400Masaichi Kaneda
50%
Meiji University
50%
Orix Buffalos
50%
Most Saves in a Year - 54Dennis Sarfate
44%
Sendai
44%
Most Hits in a Year - 216Shogo Akiyama
44%
Waseda University
44%
Most Career Saves - 407Hitoki Iwase
39%
Keio University
39%
Most baseball teams were owned by companies in this industry.Transportation
39%
Most Home Runs in a Year - 60Wladimir Balentien
39%
Hosei University
33%
Reason for the above's untimely death.Kamikaze
33%
High school baseball powerhouse who’s program got suspended indefinitely in 2016 following a bullying scandal.PL Gakuen
33%
Rikkyo University
33%
Pregame meal of the aboveSalmon on Rice
33%
Tokyo University
28%
Most Wins in a Year - 42Kazuhisa Inao
17%
Most Runs Batted In (RBI) in a Year - 161Makoto Kozuru
11%
Bleachers are for this group of fans.Oendan
11%

Score Distribution

Percentile by Number Answered

Percent of People with Each Score

Your Score History

You have not taken this quiz